Statystyki dla Mapa Świata - Gra w puzzle

Kliknij tutaj aby rozwiązać quiz!

Ogólne statystyki

  • Ten quiz został rozwiązany 15 580 razy
  • Średni wynik to 20 z 75

Odpowiedzi na mapie

Odpowiedzi skodowane kolorowo w zielono-czerwonej skali na mapie do tego quizu, zgodnie z poniższymi procentami.
 

Statystyki odpowiedzi

Odpowiedź% Poprawnych
49%
46%
42%
40%
40%
37%
37%
36%
36%
35%
34%
34%
33%
33%
33%
32%
32%
31%
31%
31%
31%
30%
30%
30%
29%
29%
29%
29%
28%
27%
27%
26%
26%
26%
26%
26%
25%
25%
24%
24%
24%
23%
23%
23%
23%
23%
23%
23%
22%
22%
21%
21%
21%
21%
21%
21%
21%
21%
20%
20%
20%
19%
19%
19%
19%
19%
18%
18%
18%
18%
18%
18%
15%
15%
13%

Rozkład punktacji

Percentyl według liczby udzielonych odpowiedzi

Procent ludzi z każdym wynikiem

Twoja historia wyników

Nie rozwiązałeś tego quizu